Statistics for Most Capped International Footballers for Senegal

Click here to take the quiz!

General Stats

  • This quiz has been taken 32 times
  • The average score is 6 of 27

Answer Stats

#CapsYearsAnswer% Correct
3872012-Sadio Mané
92%
9702000-2008El Hadji Diouf
69%
18512009-Mame Biram Diouf
65%
12582015-Kalidou Koulibaly
62%
3871979-1995Roger Mendy
54%
10632001-2008Pape Bouba Diop
50%
15531998-2004Pape Malick Diop
50%
1991999-2008Henri Camara
31%
2
90
2011-Idrissa Gueye
23%
6792012-Cheikhou Kouyaté
19%
12582002-2012Mamadou Niang
19%
17522003-2011Diomansky Kamara
12%
8722000-2008Lamine Diatta
12%
24461989-1999Mamadou Diallo
12%
25442000-2007Ferdinand Coly
8%
11601998-2006Moussa N'Diaye
8%
21482002-2012Souleymane Diawara
8%
5831999-2008Tony Sylva
8%
25442001-2008Habib Beye
4%
19502009-2018Moussa Sow
4%
14571999-2012Omar Daf
4%
21481982-1996Cheikh Seck
0%
25442004-2012Guirane N'Daw
0%
7731979-1993Jules-François Bocandé
0%
20492011-Lamine Gassama
0%
15531982-1992Oumar Sène
0%
23472012-Serigne Kara M'Bodji
0%

Score Distribution

Percentile by Number Answered

Percent of People with Each Score

Your Score History

You have not taken this quiz